|
|
|
|
| LEADER |
01024nam a2200277 a 4500 |
| 001 |
5700 |
| 003 |
BD-DhAAL |
| 005 |
20150614105014.0 |
| 008 |
150614s1998 caua 001 0 eng |
| 010 |
|
|
|a 98025534
|
| 020 |
|
|
|a 0787941727 (cloth)
|
| 040 |
|
|
|a DLC
|c DLC
|d DLC
|d BD-DhAAL
|
| 050 |
0 |
0 |
|a BJ1521
|b .P68 1998
|
| 082 |
0 |
0 |
|a 170
|2 21
|
| 245 |
0 |
4 |
|a The power of character :
|b prominent Americans talk about life, family, work, values, and more /
|c edited by Michael S. Josephson and Wes Hanson.
|
| 250 |
|
|
|a 1st ed.
|
| 260 |
|
|
|a San Francisco :
|b Jossey-Bass Publishers,
|c c1998.
|
| 300 |
|
|
|a xii, 387 p. :
|b ill. ;
|c 23 cm.
|
| 500 |
|
|
|a Includes index.
|
| 541 |
|
|
|e 5700
|
| 650 |
|
0 |
|a Character.
|9 11987
|
| 700 |
1 |
|
|a Josephson, Michael S.,
|d 1942-
|9 11988
|
| 700 |
1 |
|
|a Hanson, Wes,
|d 1961-
|9 11989
|
| 942 |
|
|
|2 ddc
|c BK
|
| 999 |
|
|
|c 34706
|d 34706
|
| 952 |
|
|
|0 0
|1 0
|2 ddc
|4 0
|6 170_000000000000000_POW
|7 0
|9 54276
|a SCL
|b SCL
|c GEN
|d 2015-06-14
|e Gift: The Asia Foundation
|l 2
|o 170 POW
|p 3020005700
|r 2025-12-20
|s 2025-12-11
|t 1
|w 2015-06-14
|y BK
|